01083nam a2200289 a 4500001001300000003000900013005001700022008004100039020000800080082001700088100002100105245002900126260003000155300000900185500003500194505001700229650002200246700002100268902000800289942000700297952009500304952009500399952009500494952009500589952009400684999001500778nice12345678IN_TiNIC20260116011556.0050524s1924 dela grp 000 0 eng  ac000a269.2bZWE11 aZwemer, Samuel M aLaw of Apostasy in Islam aDelhibCurzon Pressc1924 a164p aincludes index and biblioraphy2 aBibliography aEvangelistic Work1 aZwemer, Samuel M bSRS cBK 00104070aHMIbHMId0000-00-00g0.00l0o269.2 ZWE11p1224r0000-00-00w2026-01-16yARB 00104070aHMIbHMId0000-00-00g0.00l0o269.2 ZWE11p1225r0000-00-00w2026-01-16yARB 00104070aHMIbHMId0000-00-00g0.00l0o269.2 ZWE11p1379r0000-00-00w2026-01-16yARB 00104070aHMIbHMId0000-00-00g0.00l0o269.2 ZWE11p3405r0000-00-00w2026-01-16yARB 00104070aHMIbHMId0000-00-00g0.00l0o269.2 ZWE11p8654r0000-00-00w2026-01-16yEB c2697d2697